Spatial Agency (Record no. 1725)

MARC details
000 -LEADER
campo de control de longitud fija 00476nam a2200157 4500
008 - DATOS DE LONGITUD FIJA--INFORMACIÓN GENERAL
campo de control de longitud fija 720.103 AW964s
020 ## - NÚMERO INTERNACIONAL ESTÁNDAR DEL LIBRO
Número Internacional Estándar del Libro 9780415571920
082 ## - NÚMERO DE LA CLASIFICACIÓN DECIMAL DEWEY
Número de clasificación 720.103
Número de ítem AW964s
100 ## - ENTRADA PRINCIPAL--NOMBRE DE PERSONA
Nombre de persona Awan, Nishat
9 (RLIN) 6906
245 ## - MENCIÓN DEL TÍTULO
Título Spatial Agency
Resto del título Other ways of doing architecture
260 ## - PUBLICACIÓN, DISTRIBUCIÓN, ETC.
Lugar de publicación, distribución, etc. Estados Unidos
Nombre del editor, distribuidor, etc. Routledge
Fecha de publicación, distribución, etc. 2011
300 ## - DESCRIPCIÓN FÍSICA
Extensión 224 p.
Otras características físicas ill (col)
Dimensiones 24.5 x 19 cm
505 ## - NOTA DE CONTENIDO CON FORMATO
Título Introduction
650 ## - PUNTO DE ACCESO ADICIONAL DE MATERIA--TÉRMINO DE MATERIA
Subdivisión general arquitectura - sociedad
9 (RLIN) 6907
700 ## - ENTRADA AGREGADA--NOMBRE PERSONAL
Nombre de persona Schneider, Tatjana; Till, Jeremy
9 (RLIN) 6908
Holdings
Estatus retirado Estado de pérdida Fuente del sistema de clasificación o colocación Estado de daño No para préstamo Biblioteca de origen Biblioteca actual Ubicación en estantería Fecha de adquisición Total de préstamos Signatura topográfica completa Código de barras Visto por última vez Fecha del último préstamo Precio de reemplazo Tipo de ítem Koha
    Clasificación Decimal Dewey     Biblioteca LadoV Biblioteca LadoV   16/02/2019 1 720.103 AW964s 002123 12/09/2019 07/09/2019 16/02/2019 Material 01